|
|
|
|
| LEADER |
00000ckm a2200000 a 4500 |
| 001 |
vtls001206145 |
| 003 |
SK-MaSNL |
| 005 |
20260331202737.0 |
| 007 |
kf co |
| 008 |
231120s1990 xo g 0kuslo |
| 015 |
|
|
|a SNBG1990
|
| 035 |
|
|
|a SNK000149215
|
| 035 |
|
|
|a urn:nbn:sk:snk-km3luzz
|
| 035 |
|
|
|a ECCAFA5C-D9A4-4A95-9CD6-78FAB4D0C9DD
|
| 035 |
|
|
|a urn:nbn:sk:snk-km00dsx2
|
| 040 |
|
|
|a SNK
|b slo
|c SNK
|e AACR2
|
| 041 |
0 |
|
|a slo
|
| 043 |
|
|
|a e-xo---
|
| 044 |
|
|
|a xo
|c SK
|
| 072 |
|
7 |
|a 908(437)
|x Vlastiveda Česka a Slovenska
|2 konspekt
|
| 080 |
|
|
|a 908(437.6)
|2 2011
|
| 080 |
|
|
|a (084.121)
|2 2011
|
| 080 |
|
|
|a 556.53
|2 2011
|
| 080 |
|
|
|a 551.435.4
|2 2011
|
| 080 |
|
|
|a 551.4.036
|2 2011
|
| 100 |
1 |
|
|a Deneš, Ladislav,
|d 1936-
|4 pht
|9 39475
|
| 245 |
1 |
0 |
|a Slovenský raj
|h grafika
|b Prielom Hornádu
|c snímky Ladislav Deneš
|
| 246 |
1 |
|
|i Názov na adresnej časti:
|a Večný dážď
|
| 246 |
1 |
|
|i Názov na adresnej časti:
|a Ústie
|
| 246 |
1 |
|
|i Názov na adresnej časti:
|a Letanovský mlyn
|
| 246 |
1 |
|
|i Názov na adresnej časti:
|a Železné vráta
|
| 260 |
|
|
|a Bratislava
|b Šport
|c 1990
|e Skalica
|f Grafobal
|
| 300 |
|
|
|a 1 pohľadnica (4 čiastkové pohľady)
|b farebná
|c 15 x 11 cm
|
| 500 |
|
|
|a Názvové údaje prevzaté z obrazovej časti pohľadnice
|
| 520 |
8 |
|
|a Zobrazenie: Na striebornom podklade v červenom orámovaní pohľady na úseky Prielomu Hornádu. Vľavo vedľa názvu je umiestnený znak Národného parku Slovenský raj
|
| 650 |
0 |
7 |
|a rieky
|2 SNKPH
|9 29644
|
| 650 |
0 |
7 |
|a údolia
|2 SNKPH
|9 256355
|
| 650 |
0 |
7 |
|a skalné útvary
|2 SNKPH
|9 115197
|
| 651 |
|
7 |
|a Slovenský raj (Slovensko : pohorie)
|2 SNKPHgeo
|9 65478
|
| 651 |
|
7 |
|a Prielom Hornádu (Slovensko : tiesňava)
|2 SNKPHgeo
|9 58991
|
| 651 |
|
7 |
|a Hornád (Slovensko a Maďarsko : rieka)
|2 SNKPHgeo
|9 26821
|
| 655 |
|
7 |
|a geografické pohľadnice
|2 SNKPH
|9 70522
|
| 852 |
|
|
|a Slovenská národná knižnica
|
| 954 |
|
|
|a pohľadnice pôvodné (slovenské)
|2 lita
|
| 958 |
|
|
|a GBN
|
| 958 |
|
|
|a TL
|
| 958 |
|
|
|a GC
|
| 958 |
|
|
|a OND
|
| 958 |
|
|
|a EUIPO
|
| 999 |
|
|
|c 968486
|d 970416
|
| 952 |
|
|
|a SNK
|b SNK
|y PREZ
|7 0
|p 17A1295800
|o snkSP 142608
|i snk2703/90
|0 0
|1 0
|4 0
|d 2019-05-13
|f 1
|l 0
|r 2026-02-24 10:43:06
|w 2026-02-24
|
| 952 |
|
|
|a SNK
|b SNK
|y PREZ
|7 0
|p 17A1295804
|o snkSP 142608 D1
|i snk2704/90
|0 0
|1 0
|4 0
|d 2019-05-13
|l 0
|r 2026-02-24 10:43:06
|w 2026-02-24
|